000 00589nam a2200241Ia 4500
003 OSt
005 20221005073111.0
006 a|||||r|||| 00| 0
007 ta
008 221004b |||||||| |||| 00| 0 eng d
024 _a54790
037 _cTextual
040 _aCRL
_cCRL
_beng
041 _2eng
_aeng
082 _aV2y7N17, M5
100 _aKhanna V N
245 0 _aDusk before dawn
260 _aNew Delhi
_bGitanajali
_c1985
300 _a108p.
_ccm.
650 _aHISTORY
942 _hV2y7N17, M5
_cTEXL
_2cc
999 _c980573
_d980573